| 000 | 00631naa a2200205 u 4500 | ||
|---|---|---|---|
| 005 | 20230610063555.0 | ||
| 008 | 070813s2006 r 000 0 spa d | ||
| 035 | _aUPN01000150780 | ||
| 222 | _aREVISTA DE PSICOLOGIA SOCIAL | ||
| 245 | _aAtribución de responsabilidad social: contexto social y atributos personales del observador | ||
| 260 | _aMadrid, EspaƱa | ||
| 300 | _a41-51 | ||
| 362 | _a2000 Vol. 15, no. 2 | ||
| 650 | 0 | 2 |
_aResponsabilidad social _925219 |
| 650 | 4 | _aACTITUD | |
| 650 | 4 |
_aFracaso escolar _94966 |
|
| 650 | 4 | _aINTERACCION INTERPERSONAL | |
| 700 | 1 | _aGOUVEIA, Valdiney, coaut. | |
| 905 | _aArticulo | ||
| 999 |
_c122920 _d122920 |
||